A Budapesti Értéktőzsde kialakulása és részvényszekciójának működési tapasztalatai

Elmentve itt :
Bibliográfiai részletek
Szerző: Matuszka István
További közreműködők: Papp László (Témavezető)
Dokumentumtípus: Szakdolgozat
Megjelent: 1998
Tárgyszavak:
Online Access:http://diploma.bibl.u-szeged.hu/36940
LEADER 00595nta a2200157 i 4500
001 dipl36940
005 20130314100420.0
008 120221s1998 hu om 0|| zxx d
040 |a SZTE Diploma Repozitórium  |b hun 
041 |a zxx 
100 1 |a Matuszka István 
245 1 2 |a A Budapesti Értéktőzsde kialakulása és részvényszekciójának működési tapasztalatai  |h [elektronikus dokumentum] /  |c István Matuszka 
260 |c 1998 
650 4 |a Gazdaságtudományok 
700 1 |a Papp László  |e ths 
856 4 0 |u http://diploma.bibl.u-szeged.hu/id/eprint/36940/1/1998_matuszka_istvan.pdf  |z Dokumentum-elérés